<?xml version="1.0" encoding="UTF-8"?>
<marc:record xmlns:marc="http://www.loc.gov/MARC21/slim">
   <marc:leader>00000nam a2200000 a 4500</marc:leader>
   <marc:datafield ind1="1" ind2=" " tag="100">
      <marc:subfield code="a">Wagner, Tobias</marc:subfield>
      <marc:subfield code="4">aut</marc:subfield>
      <marc:subfield code="e">Verfasser/-in</marc:subfield>
   </marc:datafield>
   <marc:datafield ind1=" " ind2=" " tag="653">
      <marc:subfield code="a">England</marc:subfield>
   </marc:datafield>
   <marc:datafield ind1="0" ind2="0" tag="245">
      <marc:subfield code="a">Der letzte Garten</marc:subfield>
   </marc:datafield>
   <marc:datafield ind1="0" ind2="0" tag="245">
      <marc:subfield code="b">ein Krimi aus Cornwall</marc:subfield>
   </marc:datafield>
   <marc:datafield ind1="0" ind2="0" tag="245">
      <marc:subfield code="c">Tobias Wagner</marc:subfield>
   </marc:datafield>
   <marc:datafield ind1=" " ind2="1" tag="264">
      <marc:subfield code="a">Hamburg</marc:subfield>
      <marc:subfield code="b">Dryas Verlag</marc:subfield>
      <marc:subfield code="c">2026</marc:subfield>
   </marc:datafield>
   <marc:datafield ind1=" " ind2=" " tag="250">
      <marc:subfield code="a">1. Auflage</marc:subfield>
   </marc:datafield>
   <marc:datafield ind1="1" ind2=" " tag="520">
      <marc:subfield code="a">Lady Margaret Rashleigh ist tot. Vergiftet. &#x84;Endlich!&#x93;, denken viele Menschen in der Grafschaft Cornwall. Denn die größte Freude der boshaften alten Lady war es, vertrauliche Informationen zu sammeln, um ihre Mitmenschen dann bei Polizei und Presse zu denunzieren. Auf diese Weise hat Lady Rashleigh im Laufe der Jahre zahlreiche Ehen beendet, Karrieren ruiniert und Existenzen zerstört. Motive gibt es also wie Sand am Meer, und Detective Chief Inspector Edward Alderson steht daher vor einer kniffligen Aufgabe. Wer war tatsächlich bereit, einen Mord zu begehen, um sein dunkles Geheimnis zu bewahren? Und welche Rolle spielt dabei Lady Rashleighs seltsamer Gärtner? Der kauzige Alan Green ist von der Idee, den perfekten Landschaftsgarten zu erschaffen, völlig besessen. Besessen bis zum Wahnsinn? Vielleicht. Aber Mord?</marc:subfield>
   </marc:datafield>
   <marc:datafield ind1=" " ind2=" " tag="020">
      <marc:subfield code="a">9783986721015</marc:subfield>
      <marc:subfield code="9">9783986721015</marc:subfield>
   </marc:datafield>
   <marc:datafield ind1=" " ind2=" " tag="020">
      <marc:subfield code="a">3986721010</marc:subfield>
      <marc:subfield code="9">3986721010</marc:subfield>
   </marc:datafield>
   <marc:datafield ind1="3" ind2=" " tag="024">
      <marc:subfield code="a">9783986721015</marc:subfield>
   </marc:datafield>
   <marc:datafield ind1=" " ind2=" " tag="041">
      <marc:subfield code="a">ger</marc:subfield>
   </marc:datafield>
   <marc:datafield ind1=" " ind2=" " tag="300">
      <marc:subfield code="a">267 Seiten, Karte</marc:subfield>
   </marc:datafield>
</marc:record>
